000 00591nam a2200229Ia 4500
005 20260429112143.0
008 260429s9999||||xx |||||||||||||| ||und||
020 _a9781119743293
041 _aEnglish
082 _a741.609
_bMEG
100 _aMeggs, Philip B.
245 0 _aMeggs' history of graphic design /
_cPhilip B. Meggs
250 _a7th ed.
260 _aNew Jersey :
_bWiley,
_c2026.
300 _axiv, 510 p.; hb
650 _a History
650 _aGraphic design
700 _a Maxa, Sandra
700 _a Purvis, Alston
700 _a Sanders, Mark
942 _cTB
999 _c52621
_d52621